000 00756nam a22002537a 4500
001 000646
003 DO-SdBNP
005 20180209084435.0
007 000646
008 161107b 1993 sp a ||||| |||| 00| 0 spa d
020 _a8426315372
040 _aBPMSU
_bspa
_cBPMSU
245 1 0 _aEl misterio del colegio embrujado /
_cUlises Cabal ; ilustrado por Alfonso Sánchez Pardo.
250 _a10ª ed.
260 _aZaragoza, España :
_bEdelvives,
_c1993.
300 _a116 p. :
_bil. ;
_c18 cm.
490 1 _aAla delta
_v79
500 _aA partir de los 11 años
700 1 2 _aSánchez Pardo, Alfonso,
_d1948-
830 0 _aAla delta ;
_v79
942 _2ddc
_cBK
945 _aInventariado, 2018 /LP
956 _aLOPEREZ
_b10
_c20180209
_hBPMSU
999 _c11815
_d11815